Olivia Rodrigo song lyrics - No hints ! @3 - Statistics

General Stats
  • This quiz has been taken 102 times
  • The average score is 246 of 360
Answer Stats
Answer % Correct
I
100%
a
96%
you
96%
You
96%
the
90%
your
87%
go
85%
me
85%
to
85%
And
83%
and
83%
love
83%
we
81%
when
81%
When
81%
so
75%
That
75%
that
75%
you're
75%
You're
75%
For
73%
but
71%
But
71%
her
71%
in
71%
it
71%
It
71%
did
69%
know
69%
still
69%
never
67%
were
67%
don't
65%
Don't
65%
was
65%
with
65%
didn't
63%
Guess
63%
no
63%
together
63%
way
63%
Yeah
63%
yeah
63%
could
62%
feel
62%
like
62%
Loved
62%
traitor
62%
two
62%
cheat
60%
knew
60%
off
60%
talked
60%
told
60%
you'll
60%
All
58%
always
58%
at
58%
date
58%
matter
58%
said
58%
weeks
58%
as
56%
betrayed
56%
had
56%
if
56%
just
56%
sorry
56%
this
56%
took
56%
(Ah-ah-ah)
54%
(Ah-ah-ah-ah-ah)
54%
fell
54%
God
54%
How
54%
hurt
54%
she's
54%
through
54%
worst
54%
even
52%
friends
52%
made
52%
now
52%
Now
52%
up
52%
worse
52%
about
50%
bed
50%
Before
50%
before
50%
fall
50%
little
50%
second
50%
thought
50%
went
50%
called
48%
'Cause
48%
dumb
48%
eyes
48%
gave
48%
keep
48%
kept
48%
lies
48%
played
48%
quickly
48%
somebody
48%
wish
48%
word
48%
ain't
46%
Ain't
46%
dare
46%
forget
46%
funny?
46%
look
46%
maybe
46%
ran
46%
sleeping
46%
there's
46%
used
46%
white
46%
around
44%
avoid
44%
bring
44%
Brown
44%
down
44%
games
44%
paranoid
44%
quiet
44%
Show
44%
sure
44%
guilty
42%
new
42%
(Ooh-ooh-ooh)
42%
Ooh-ooh-ooh
42%
questions
42%
Remember
42%
shut
42%
trophy
42%
true
42%
twisted
42%
brought
40%
damn
40%
hell
40%
quits
40%
No matching quizzes found
Score Distribution
Percent of People with Each Score
Percentile by Number Answered
Your Score History
You have not taken this quiz